000 00352nam a2200157Ia 4500
003 OSt
005 20240329152401.0
008 170524s9999 xx 000 0 und d
020 _a978-0143032199
040 _ciimtu meerut
100 _aSethi-Bhargave
100 _c2004
245 0 _aIndian Economy
260 _aSULTAN CHAND SONS
942 _2ddc
_c02
999 _c2269
_d2269